Ảnh hưởng của thức ăn bổ sung đến khả năng sinh khí methane, một số chỉ tiêu dịch dạ cỏ và tăng trọng trên bò lai Sind : Luận văn tốt nghiệp Cao học. Chuyên ngành Chăn nuôi
Đề tài đánh giá ảnh hưởng của các mức bổ sung thức ăn ủ chua và tỷ lệ thức ăn hỗn hợp/thô trong khẩu phần đến khả năng sinh khí methane và một số chỉ tiêu dịch dạ cỏ của bò.
Đã lưu trong:
| 主要作者: | |
|---|---|
| 格式: | 圖書 |
| 語言: | Undetermined |
| 出版: |
Cần thơ
Trường Đại học Cần Thơ
2015
|
| 主題: | |
| 標簽: |
添加標簽
沒有標簽, 成為第一個標記此記錄!
|
| Thư viện lưu trữ: | Trung tâm Học liệu Trường Đại học Cần Thơ |
|---|
| LEADER | 01223nam a2200229Ia 4500 | ||
|---|---|---|---|
| 001 | CTU_205221 | ||
| 008 | 210402s9999 xx 000 0 und d | ||
| 082 | |a 636.2085 | ||
| 082 | |b Kh107 | ||
| 088 | |a 60620105 | ||
| 100 | |a Lâm, Minh Khánh | ||
| 245 | 0 | |a Ảnh hưởng của thức ăn bổ sung đến khả năng sinh khí methane, một số chỉ tiêu dịch dạ cỏ và tăng trọng trên bò lai Sind : | |
| 245 | 0 | |b Luận văn tốt nghiệp Cao học. Chuyên ngành Chăn nuôi | |
| 245 | 0 | |c Lâm Minh Khánh ; Hồ Quảng Đồ, Dương Nguyên Khang (Cán bộ hướng dẫn) | |
| 260 | |a Cần thơ | ||
| 260 | |b Trường Đại học Cần Thơ | ||
| 260 | |c 2015 | ||
| 520 | |a Đề tài đánh giá ảnh hưởng của các mức bổ sung thức ăn ủ chua và tỷ lệ thức ăn hỗn hợp/thô trong khẩu phần đến khả năng sinh khí methane và một số chỉ tiêu dịch dạ cỏ của bò. | ||
| 650 | |a Gia súc,Cattle | ||
| 650 | |x Thức ăn và cho ăn,Feeding and feeds | ||
| 904 | |i Hải | ||
| 980 | |a Trung tâm Học liệu Trường Đại học Cần Thơ | ||